[Event "Mukachevo Rating 40th"]
[Site "Mukachevo"]
[Date "2019.08.17"]
[Round "9"]
[White "To, Nhat Minh"]
[Black "Sztercsco, Sztyepan"]
[Result "1-0"]
[WhiteElo "2388"]
[BlackElo "2022"]
[PlyCount "55"]
[EventDate "2019.08.12"]
[EventType "tourn"]
[EventRounds "9"]
[EventCountry "UKR"]
[SourceTitle "CBM 191 Extra"]
[Source "ChessBase"]
[SourceDate "2019.09.30"]
[SourceVersion "1"]
[SourceVersionDate "2019.09.30"]
[SourceQuality "1"]

1. e4 c5 2. Nf3 d6 3. c3 a6 4. d4 cxd4 5. cxd4 e6 6. Bd3 Nf6 7. Nc3 Be7 8. 0-0 Nc6 9. h3 Bd7 10. Be3 h6 11. Rc1 b5 12. e5 Nd5 13. Nxd5 exd5 14. Qb3 dxe5 15. dxe5 Rc8 16. Bb1 Be6 17. Qd3 Bg5 18. Nxg5 hxg5 19. f4 d4 20. Bd2 Bc4 21. Rxc4 bxc4 22. Qxc4 Ne7 23. Qxa6 g4 24. hxg4 Nd5 25. Ba5 Nc7 26. Qc6+ Kf8 27. Qb7 d3 28. Bxd3 1-0

[Event "Mukachevo Rating 40th"]
[Site "Mukachevo"]
[Date "2019.08.14"]
[Round "4"]
[White "Sztercsco, Sztyepan"]
[Black "Vachylya, Andriy"]
[Result "1/2-1/2"]
[WhiteElo "2022"]
[BlackElo "2303"]
[PlyCount "161"]
[EventDate "2019.08.12"]
[EventType "tourn"]
[EventRounds "9"]
[EventCountry "UKR"]
[SourceTitle "CBM 191 Extra"]
[Source "ChessBase"]
[SourceDate "2019.09.30"]
[SourceVersion "1"]
[SourceVersionDate "2019.09.30"]
[SourceQuality "1"]

1. e4 g6 2. Nf3 Bg7 3. d4 d6 4. Bd3 Nf6 5. 0-0 0-0 6. h3 a6 7. c4 b5 8. e5 Nfd7 9. cxb5 axb5 10. Bxb5 dxe5 11. dxe5 c6 12. Be2 Nxe5 13. Nc3 Qa5 14. Bd2 Rd8 15. Qc1 Na6 16. Rd1 Nb4 17. Nxe5 Qxe5 18. a3 Nd3 19. Bxd3 Rxd3 20. Be3 Rxd1+ 21. Qxd1 Bf5 22. Qd2 h5 23. Re1 Qa5 24. Bg5 e5 25. Ne4 Qxd2 26. Bxd2 Be6 27. Bc3 Bd5 28. Nc5 f6 29. Ra1 Kf7 30. b4 Bf8 31. a4 Bd6 32. a5 h4 33. Rd1 Ra7 34. Rd2 g5 35. Rb2 Ke7 36. Bd2 Bc4 37. Be3 Ra8 38. Ne4 Bb8 39. Nc3 Ke6 40. Bb6 f5 41. b5 cxb5 42. Nxb5 Bxb5 43. Rxb5 Bd6 44. Kf1 g4 45. Bc5 Bb8 46. Bb6 Bd6 47. Bc5 Rc8 48. Bxd6 Rc1+ 49. Ke2 gxh3 50. gxh3 Kxd6 51. Rb6+ Kd5 52. Rb5+ Ke6 53. Rb4 Ra1 54. Rxh4 Rxa5 55. Rh6+ Kd5 56. Rf6 Ke4 57. Rb6 Kf4 58. Kf1 Ra8 59. Rb3 e4 60. Kg2 Rh8 61. Rb7 Rg8+ 62. Kf1 Kg5 63. Re7 Rg6 64. Re8 Kf6 65. Rf8+ Ke5 66. Re8+ Kf4 67. Ra8 Kg5 68. Re8 Rg7 69. Re6 Rg6 70. Re8 Kf6 71. Rf8+ Ke5 72. Re8+ Re6 73. Rxe6+ Kxe6 74. Ke2 f4 75. Kd2 Kf5 76. Kc3 e3 77. Kd3 exf2 78. Ke2 Kg5 79. Kxf2 Kh4 80. Kf3 Kxh3 81. Kxf4 1/2-1/2

[Event "Mukachevo Rating 34th"]
[Site "Mukachevo"]
[Date "2017.05.20"]
[Round "9"]
[White "Sztercsco, Sztyepan"]
[Black "Boricsev, Oleg"]
[Result "1/2-1/2"]
[WhiteElo "2090"]
[BlackElo "2340"]
[PlyCount "78"]
[EventDate "2017.05.16"]
[EventType "tourn"]
[EventRounds "9"]
[EventCountry "UKR"]
[SourceTitle "CBM 178 Extra"]
[Source "ChessBase"]
[SourceDate "2017.06.22"]
[SourceVersion "1"]
[SourceVersionDate "2017.06.22"]
[SourceQuality "1"]

1. e4 d5 2. exd5 Qxd5 3. Nc3 Qd6 4. d4 Nf6 5. Be2 c6 6. Nf3 Nbd7 7. 0-0 e6 8. h3 Qc7 9. Bg5 Bd6 10. Bd3 h6 11. Be3 b6 12. Ne4 Nxe4 13. Bxe4 0-0 14. c3 Bb7 15. Ne1 Ba6 16. Bd3 Bxd3 17. Nxd3 Rad8 18. Qc2 Nf6 19. Rad1 Rd7 20. Ne1 Rfd8 21. Nf3 Nd5 22. Bc1 c5 23. dxc5 Bxc5 24. Rde1 Nf6 25. Be3 Bxe3 26. Rxe3 Rd5 27. Rfe1 Qf4 28. Re5 Rd3 29. R5e3 R3d5 30. Re5 Rd2 31. Qb3 R2d3 32. R5e3 Rxe3 33. Rxe3 Qf5 34. Re5 Qg6 35. Re1 Rd5 36. Qc4 Qc2 37. Qe2 Qa4 38. b3 Qd7 39. c4 Rd6 1/2-1/2

[Event "Mukachevo Rating 34th"]
[Site "Mukachevo"]
[Date "2017.05.19"]
[Round "7"]
[White "Sztercsco, Sztyepan"]
[Black "Burnett, Andrew"]
[Result "0-1"]
[WhiteElo "2090"]
[BlackElo "2183"]
[PlyCount "92"]
[EventDate "2017.05.16"]
[EventType "tourn"]
[EventRounds "9"]
[EventCountry "UKR"]
[SourceTitle "CBM 178 Extra"]
[Source "ChessBase"]
[SourceDate "2017.06.22"]
[SourceVersion "1"]
[SourceVersionDate "2017.06.22"]
[SourceQuality "1"]

1. e4 c5 2. Nf3 d6 3. d4 Nf6 4. Nc3 cxd4 5. Nxd4 g6 6. Be2 Bg7 7. Be3 Nc6 8. 0-0 0-0 9. Qd2 Ng4 10. Bxg4 Bxg4 11. Nxc6 bxc6 12. Bh6 Be6 13. Bxg7 Kxg7 14. Ne2 Qb6 15. c4 f6 16. b3 Rfd8 17. Rfe1 Bf7 18. Nc3 a5 19. Rad1 Rab8 20. Re3 Qb4 21. Rh3 h5 22. Rd3 Rb7 23. Kh1 Rdb8 24. h3 a4 25. Nxa4 Bxc4 26. Rd4 Qxd2 27. R4xd2 Bf7 28. Rc1 c5 29. Nb2 Rb4 30. f3 g5 31. g4 h4 32. Kg2 Ra8 33. Nd1 c4 34. bxc4 Rxc4 35. Rb1 Rca4 36. Rb7 Rxa2 37. Rf2 Rxf2+ 38. Kxf2 Ra2+ 39. Ke3 Kf8 40. Nc3 Ra3 41. Kd4 e5+ 42. Kd3 d5 43. Kd2 d4 44. Nd5 Bxd5 45. exd5 Rxf3 46. d6 Ke8 0-1

[Event "SVK-ch"]
[Site "Bratislava"]
[Date "2004.06.??"]
[Round "2"]
[White "Simacek, Pavel"]
[Black "Sztercsco, Sztyepan"]
[Result "1-0"]
[WhiteElo "2442"]
[BlackElo "2230"]
[PlyCount "49"]
[EventDate "2004.06.??"]
[EventType "swiss"]
[EventRounds "9"]
[EventCountry "SVK"]
[SourceTitle "EXT 2006"]
[Source "ChessBase"]
[SourceDate "2005.11.24"]
[SourceVersion "1"]
[SourceVersionDate "2005.11.24"]
[SourceQuality "1"]

1. e4 c5 2. Nf3 d6 3. d4 cxd4 4. Nxd4 Nf6 5. Nc3 a6 6. Be3 e6 7. g4 Be7 8. g5 Nfd7 9. Qd2 Nc6 10. h4 Qc7 11. 0-0-0 Nce5 12. f4 Nc4 13. Bxc4 Qxc4 14. h5 Nc5 15. a3 Na4 16. Nxa4 Qxa4 17. g6 fxg6 18. hxg6 h6 19. e5 d5 20. f5 exf5 21. Bxh6 gxh6 22. g7 Rg8 23. Qxh6 Bd7 24. Qg6+ Kd8 25. Qb6+ 1-0

[Event "SVK-ch"]
[Site "Bratislava"]
[Date "2004.06.??"]
[Round "3"]
[White "Sztercsco, Sztyepan"]
[Black "Hujo, Jozef"]
[Result "1/2-1/2"]
[WhiteElo "2230"]
[BlackElo "2035"]
[PlyCount "128"]
[EventDate "2004.06.??"]
[EventType "swiss"]
[EventRounds "9"]
[EventCountry "SVK"]
[SourceTitle "EXT 2006"]
[Source "ChessBase"]
[SourceDate "2005.11.24"]
[SourceVersion "1"]
[SourceVersionDate "2005.11.24"]
[SourceQuality "1"]

1. e4 e6 2. Qe2 c5 3. Nf3 Nc6 4. c3 Nge7 5. g3 g6 6. Bg2 Bg7 7. 0-0 d6 8. d3 b5 9. Be3 Rb8 10. d4 cxd4 11. Nxd4 Nxd4 12. Bxd4 Bxd4 13. cxd4 0-0 14. Nd2 Qb6 15. Nf3 d5 16. e5 b4 17. Qd2 Kg7 18. Rfc1 Ba6 19. Rc5 Rbc8 20. Rac1 Rxc5 21. Rxc5 Rc8 22. Rxc8 Bxc8 23. h4 h6 24. Bf1 a5 25. Qf4 Ng8 26. g4 Ba6 27. h5 Bxf1 28. hxg6 fxg6 29. Kxf1 Qb5+ 30. Kg2 Qd3 31. g5 h5 32. Nd2 a4 33. b3 a3 34. Nf3 Qc2 35. Qd2 Qe4 36. Qe3 Qg4+ 37. Kf1 Ne7 38. Ne1 Nf5 39. Qc1 Qxd4 40. Qc7+ Kg8 41. Qd8+ Kh7 42. Qf6 Ng7 43. Nf3 Qd3+ 44. Kg1 Qe4 45. Kh2 d4 46. Nd2 Qh4+ 47. Kg2 Qg4+ 48. Kh2 d3 49. f3 Qh4+ 50. Kg2 Qe1 51. Qf4 Qe2+ 52. Kh3 Nf5 53. Qxb4 Qxe5 54. Qb7+ Qg7 55. Qa6 Qc7 56. Ne4 Kg7 57. Qxe6 d2 58. Qd5 Qc1 59. Qd7+ Kf8 60. Qd8+ Kg7 61. Qf6+ Kg8 62. Qxg6+ Ng7 63. Nf6+ Kf8 64. Nh7+ Kg8 1/2-1/2

[Event "SVK-ch"]
[Site "Bratislava"]
[Date "2004.06.??"]
[Round "4"]
[White "Vacek, Ondrej"]
[Black "Sztercsco, Sztyepan"]
[Result "1-0"]
[WhiteElo "2044"]
[BlackElo "2230"]
[PlyCount "72"]
[EventDate "2004.06.??"]
[EventType "swiss"]
[EventRounds "9"]
[EventCountry "SVK"]
[SourceTitle "EXT 2006"]
[Source "ChessBase"]
[SourceDate "2005.11.24"]
[SourceVersion "1"]
[SourceVersionDate "2005.11.24"]
[SourceQuality "1"]

1. e4 c5 2. Nf3 d6 3. d4 cxd4 4. Nxd4 Nf6 5. Nc3 a6 6. Be2 e6 7. 0-0 Be7 8. f4 Qc7 9. Be3 Bd7 10. a4 Nc6 11. Nb3 b6 12. Bf3 0-0 13. g4 Rad8 14. g5 Ne8 15. Bg2 Nb4 16. Rc1 d5 17. Qh5 dxe4 18. Bxe4 f5 19. Bg2 Nd6 20. Nd2 Bc6 21. Qe2 Bxg2 22. Kxg2 b5 23. axb5 axb5 24. Bd4 Qc8 25. Rfd1 Nc6 26. Bf2 b4 27. Ncb1 Kf7 28. Qh5+ Kg8 29. Qe2 Nf7 30. Nf3 e5 31. Rxd8 Rxd8 32. fxe5 Nxg5 33. Nxg5 Bxg5 34. Qc4+ Kf8 35. Re1 Qb7 36. Kg1 Ne7 1-0

[Event "Presov op-A"]
[Site "Presov"]
[Date "2002.08.18"]
[Round "9"]
[White "Sztercsco, Sztyepan"]
[Black "Wozniak, Maciej"]
[Result "1-0"]
[WhiteElo "2188"]
[BlackElo "2106"]
[PlyCount "53"]
[EventDate "2002.08.??"]
[EventType "swiss"]
[EventRounds "9"]
[EventCountry "SVK"]
[SourceTitle "EXT 2005"]
[Source "ChessBase"]
[SourceDate "2004.11.15"]
[SourceVersion "1"]
[SourceVersionDate "2004.11.15"]
[SourceQuality "1"]

1. e4 e5 2. Nc3 Nc6 3. f4 exf4 4. Nf3 g5 5. h4 g4 6. Ng5 d6 7. Bc4 Ne5 8. Bb3 h6 9. d4 hxg5 10. dxe5 dxe5 11. Qe2 c6 12. Bd2 Qe7 13. 0-0-0 gxh4 14. a3 Bd7 15. Na4 0-0-0 16. Ba5 Re8 17. Bb4 Qg5 18. Qd2 Nf6 19. Kb1 Rd8 20. Bxf8 Rhxf8 21. Qb4 f3 22. gxf3 g3 23. Nc5 b6 24. Bc4 g2 25. Rhg1 Bh3 26. Qa4 bxc5 27. Ba6+ 1-0

[Event "Presov op-A"]
[Site "Presov"]
[Date "2002.08.17"]
[Round "8"]
[White "Volodin, Viktor Nikolaevich"]
[Black "Sztercsco, Sztyepan"]
[Result "1-0"]
[WhiteElo "2324"]
[BlackElo "2188"]
[PlyCount "97"]
[EventDate "2002.08.??"]
[EventType "swiss"]
[EventRounds "9"]
[EventCountry "SVK"]
[SourceTitle "EXT 2005"]
[Source "ChessBase"]
[SourceDate "2004.11.15"]
[SourceVersion "1"]
[SourceVersionDate "2004.11.15"]
[SourceQuality "1"]

1. Nf3 Nf6 2. c4 g6 3. d4 c5 4. Nc3 cxd4 5. Nxd4 Bg7 6. e4 0-0 7. Be3 d6 8. Be2 Nc6 9. 0-0 Qa5 10. Nb3 Qc7 11. Nb5 Qd8 12. f3 Be6 13. Rc1 Rc8 14. c5 Bxb3 15. Qxb3 a6 16. Nc3 dxc5 17. Qxb7 Nd4 18. Qxa6 Ra8 19. Qd3 Nd7 20. Rfd1 e5 21. Qb1 Qa5 22. Rd2 Rfb8 23. b3 Nb6 24. Rb2 Qa3 25. Bf1 Qa7 26. Nb5 Qe7 27. a4 Bf8 28. Rc3 Rb7 29. Qe1 Qd8 30. Bd2 Rd7 31. Na3 c4 32. Nxc4 Bb4 33. Nxe5 Bxc3 34. Bxc3 Rd6 35. Nc4 Nxc4 36. bxc4 Rxa4 37. Qd1 Ra3 38. c5 Rd7 39. Qb1 Ra8 40. Rb6 Ne6 41. Qb5 Rd1 42. c6 Nd4 43. Qc5 Ne2+ 44. Kf2 Nxc3 45. c7 Qd2+ 46. Kg3 Nxe4+ 47. fxe4 Ra3+ 48. Qxa3 Qg5+ 49. Kf2 1-0

[Event "Presov op-A"]
[Site "Presov"]
[Date "2002.08.14"]
[Round "5"]
[White "Sztercsco, Sztyepan"]
[Black "Bartkowiak, Damian"]
[Result "1-0"]
[WhiteElo "2188"]
[BlackElo "2104"]
[PlyCount "95"]
[EventDate "2002.08.??"]
[EventType "swiss"]
[EventRounds "9"]
[EventCountry "SVK"]
[SourceTitle "EXT 2005"]
[Source "ChessBase"]
[SourceDate "2004.11.15"]
[SourceVersion "1"]
[SourceVersionDate "2004.11.15"]
[SourceQuality "1"]

1. e4 d5 2. exd5 Qxd5 3. Nc3 Qa5 4. Nf3 Nf6 5. Be2 Nc6 6. 0-0 Bg4 7. h3 Bh5 8. d3 e6 9. Bd2 0-0-0 10. a3 Bxf3 11. Bxf3 Nd4 12. Re1 Rg8 13. b4 Qf5 14. Be4 Qh5 15. Rc1 Qh4 16. Re3 Bd6 17. Ne2 Ng4 18. Be1 Nxe3 19. fxe3 Nxe2+ 20. Qxe2 Bg3 21. Qf3 Bxe1 22. Bxb7+ Kd7 23. Qxf7+ Kd6 24. c4 Qf2+ 25. Qxf2 Bxf2+ 26. Kxf2 c6 27. c5+ Kc7 28. Ba6 Rd5 29. g4 Rf8+ 30. Ke2 Rf6 31. Rf1 Rh6 32. Rf3 Rd7 33. Bc4 g5 34. d4 Kd8 35. a4 Kc7 36. b5 Re7 37. e4 Rh4 38. Rf6 Rxh3 39. Bxe6 Rc3 40. Kd2 Ra3 41. d5 cxd5 42. exd5 Kd8 43. d6 Rxe6 44. Rxe6 Rxa4 45. Kc3 Rxg4 46. c6 Rf4 47. c7+ Kd7 48. Re8 1-0

[Event "SVK-chT1E 0203"]
[Site "Slovakia"]
[Date "2002.??.??"]
[Round "?"]
[White "Milder, Ladislav"]
[Black "Sztercsco, Sztyepan"]
[Result "1-0"]
[WhiteElo "2176"]
[BlackElo "2188"]
[PlyCount "79"]
[EventDate "2002.10.??"]
[EventType "team"]
[EventRounds "11"]
[EventCountry "SVK"]
[SourceTitle "EXT 2005"]
[Source "ChessBase"]
[SourceDate "2004.11.15"]
[SourceVersion "1"]
[SourceVersionDate "2004.11.15"]
[SourceQuality "1"]

1. e4 c5 2. Nf3 d6 3. d4 cxd4 4. Nxd4 Nf6 5. Nc3 a6 6. Be2 e6 7. 0-0 Be7 8. a4 Nc6 9. Be3 0-0 10. f4 Qc7 11. Bf3 Bd7 12. Nxc6 bxc6 13. a5 Rab8 14. Bb6 Qc8 15. b3 Be8 16. Qd3 Nd7 17. Na4 d5 18. Be3 Qc7 19. Qxa6 d4 20. Bd2 e5 21. Be2 Kh8 22. Qd3 c5 23. Nb2 f6 24. Nc4 Bg6 25. Bg4 exf4 26. Bxf4 Ne5 27. Qg3 Bd6 28. Bxe5 Bxe5 29. Nxe5 fxe5 30. Rxf8+ Rxf8 31. Qd3 Qc6 32. Bf3 Rc8 33. a6 Bf7 34. a7 Qa8 35. Qa6 Rg8 36. Qd6 Re8 37. Qxc5 Qb7 38. b4 Ra8 39. b5 Bg6 40. Qd5 1-0

[Event "SVK-chT1E 0203"]
[Site "Slovakia"]
[Date "2002.??.??"]
[Round "?"]
[White "Sztercsco, Sztyepan"]
[Black "Gregorova, Zuzana"]
[Result "1/2-1/2"]
[WhiteElo "2188"]
[BlackElo "2074"]
[PlyCount "86"]
[EventDate "2002.10.??"]
[EventType "team"]
[EventRounds "11"]
[EventCountry "SVK"]
[SourceTitle "EXT 2005"]
[Source "ChessBase"]
[SourceDate "2004.11.15"]
[SourceVersion "1"]
[SourceVersionDate "2004.11.15"]
[SourceQuality "1"]

1. e4 e5 2. Nc3 Nf6 3. f4 d5 4. fxe5 Nxe4 5. d3 Nxc3 6. bxc3 c5 7. Nf3 Be7 8. Be2 0-0 9. 0-0 Nc6 10. Qe1 f6 11. d4 Qe8 12. Qg3 Qg6 13. Qxg6 hxg6 14. Bb5 Bg4 15. exf6 gxf6 16. Bxc6 bxc6 17. Ba3 Rab8 18. dxc5 Bxf3 19. Rxf3 f5 20. Re1 Rfe8 21. Kf1 Bh4 22. Rxe8+ Rxe8 23. g3 Bg5 24. Bb4 a5 25. Ba3 Re4 26. Bb2 Kf7 27. Rd3 Rc4 28. Ke2 Ra4 29. a3 Rc4 30. Kd1 Rxc5 31. Bc1 Bf6 32. Bd2 Rc4 33. Rf3 Be7 34. Bc1 Ra4 35. Rf4 Rxf4 36. gxf4 Bd6 37. a4 g5 38. fxg5 Bxh2 39. Ke2 Kg6 40. Kf3 Bc7 41. Be3 Be5 42. Bd2 Bc7 43. Be3 Be5 1/2-1/2

[Event "SVK-chT2E 0102"]
[Site "Slovakia"]
[Date "2001.??.??"]
[Round "2"]
[White "Bochnickova, Andrea"]
[Black "Sztercsco, Sztyepan"]
[Result "1-0"]
[WhiteElo "2159"]
[BlackElo "2228"]
[PlyCount "59"]
[EventDate "2001.10.??"]
[EventType "team"]
[EventRounds "11"]
[EventCountry "SVK"]
[SourceTitle "EXT 2006"]
[Source "ChessBase"]
[SourceDate "2005.11.24"]
[SourceVersion "1"]
[SourceVersionDate "2005.11.24"]
[SourceQuality "1"]

1. e4 c5 2. Nf3 d6 3. d4 cxd4 4. Nxd4 Nf6 5. Nc3 a6 6. Bc4 e6 7. Bb3 Be7 8. f4 Qc7 9. Qf3 Nc6 10. Be3 Bd7 11. 0-0-0 Rc8 12. g4 Nxd4 13. Rxd4 Bc6 14. g5 Nd7 15. h4 Nc5 16. f5 e5 17. Rd2 Bxe4 18. Nxe4 Nxb3+ 19. axb3 d5 20. Nc3 d4 21. Bxd4 exd4 22. Nd5 Qa5 23. Re2 Qa1+ 24. Kd2 Qxb2 25. Qe4 0-0 26. Nxe7+ Kh8 27. Ke1 Rfe8 28. Kf2 Rcd8 29. h5 Qc3 30. Ng6+ 1-0

[Event "SVK-chT1E 0001"]
[Site "Slovakia"]
[Date "2001.??.??"]
[Round "7"]
[White "Sztercsco, Sztyepan"]
[Black "Krak, Tomas"]
[Result "0-1"]
[WhiteElo "2256"]
[BlackElo "2121"]
[PlyCount "210"]
[EventDate "2000.??.??"]
[EventType "team"]
[EventRounds "11"]
[EventCountry "SVK"]
[SourceTitle "EXT 2002"]
[Source "ChessBase"]
[SourceDate "2001.11.25"]
[SourceVersion "1"]
[SourceVersionDate "2001.11.25"]
[SourceQuality "1"]

1. e4 c5 2. Nf3 Nc6 3. d4 cxd4 4. Nxd4 Nf6 5. Nc3 d6 6. Be2 e5 7. Nf3 h6 8. 0-0 Be7 9. h3 0-0 10. Be3 Be6 11. Qd2 a6 12. Rad1 b5 13. a3 Rc8 14. Qc1 Qd7 15. Rd2 Qb7 16. Rfd1 Na5 17. Bd3 Nc4 18. Re2 Nxa3 19. Bxh6 gxh6 20. Qxh6 Rxc3 21. bxc3 Nh7 22. Re3 Kh8 23. h4 Rg8 24. Ng5 Rxg5 25. hxg5 Bxg5 26. Qh5 Bxe3 27. fxe3 Qc8 28. Rf1 Nc4 29. Kf2 Qd8 30. Rh1 Qf6+ 31. Qf3 Qg6 32. Qd1 Kg7 33. Qa1 Nf6 34. Qxa6 Ng4+ 35. Kg1 Ngxe3 36. Rh2 Qg3 37. Qa1 Nd2 38. Kh1 Ng4 39. Rh5 Nf2+ 40. Kg1 Nf3+ 41. Kf1 Nh4 42. Rxh4 Qxh4 43. Qe1 Qh1+ 44. Kxf2 Qxe1+ 45. Kxe1 Bc4 46. Kf2 Kh6 47. g4 Kg5 48. Kg3 f6 49. Kh3 Kf4 50. Kh4 Bxd3 51. cxd3 Ke3 52. Kh5 Kxd3 53. Kg6 Kxc3 54. Kxf6 b4 55. g5 b3 56. g6 b2 57. g7 b1Q 58. g8Q Qxe4 59. Qa2 d5 60. Qa3+ Kd2 61. Qb2+ Kd3 62. Qb3+ Kd2 63. Qb2+ Ke3 64. Qc3+ Kf4 65. Qd2+ Kf3 66. Qc3+ Qe3 67. Qxe5 d4 68. Qh5+ Kf2 69. Qh2+ Ke1 70. Kg7 d3 71. Qh1+ Ke2 72. Qg2+ Kd1 73. Qh1+ Qe1 74. Qf3+ Qe2 75. Qh1+ Kc2 76. Qc6+ Kb1 77. Qg6 Qc2 78. Qg1+ Kb2 79. Qb6+ Qb3 80. Qf2+ Kc3 81. Qf6+ Kc2 82. Qg6 Qc4 83. Qf5 Kb2 84. Qf2+ Kc3 85. Qf6+ Kb3 86. Qf3 Kb2 87. Qf2+ Kb1 88. Qe1+ Kc2 89. Qf2+ d2 90. Kh6 Qc3 91. Qf5+ Kb2 92. Qf2 Kc1 93. Qf4 Qh3+ 94. Kg7 Kd1 95. Kg8 Ke2 96. Qc4+ Kf2 97. Qc5+ Qe3 98. Qf5+ Kg2 99. Qd5+ Kh2 100. Kf8 Kg3 101. Kg8 Kf2 102. Qf5+ Qf3 103. Qc5+ Kg3 104. Qd6+ Qf4 105. Qa3+ Kg2 0-1

[Event "SVK-chT1E 0001"]
[Site "Slovakia"]
[Date "2001.??.??"]
[Round "9"]
[White "Sztercsco, Sztyepan"]
[Black "Likavsky, Tomas"]
[Result "1/2-1/2"]
[WhiteElo "2256"]
[BlackElo "2428"]
[PlyCount "156"]
[EventDate "2000.??.??"]
[EventType "team"]
[EventRounds "11"]
[EventCountry "SVK"]
[SourceTitle "EXT 2002"]
[Source "ChessBase"]
[SourceDate "2001.11.25"]
[SourceVersion "1"]
[SourceVersionDate "2001.11.25"]
[SourceQuality "1"]

1. e4 c5 2. Nf3 d6 3. d4 cxd4 4. Nxd4 Nf6 5. Nc3 a6 6. Bg5 e6 7. f4 Qb6 8. Nb3 Nbd7 9. Qf3 Qc7 10. 0-0-0 b5 11. Bd3 b4 12. Ne2 Bb7 13. Rhe1 Be7 14. g4 h6 15. Bxf6 Bxf6 16. h4 Bxh4 17. Rh1 Be7 18. g5 0-0-0 19. gxh6 Rxh6 20. Rxh6 gxh6 21. Qh5 Bf8 22. Qxf7 Nc5 23. Qxc7+ Kxc7 24. Ned4 Re8 25. f5 Nxd3+ 26. cxd3 exf5 27. Nxf5 d5 28. exd5 Bxd5 29. Kd2 h5 30. Rg1 Bf3 31. Rg8 Bg4 32. Ne3 Be6 33. Rh8 Bf7 34. Nf5 Kd7 35. Ng3 Bd6 36. Rh7 Bxg3 37. Rxf7+ Kd6 38. Rh7 h4 39. d4 Rf8 40. Kd3 Rf2 41. Nd2 Kc6 42. b3 Rg2 43. Nf3 Rxa2 44. Nxh4 Rf2 45. Ng6 Rf3+ 46. Kc4 a5 47. Ne7+ Kd6 48. Nd5 Bf2 49. Rh6+ Kd7 50. Rh7+ Kd6 51. Ra7 Bxd4 52. Kxd4 Rxb3 53. Rxa5 Rb1 54. Ra6+ Kd7 55. Kc4 b3 56. Nc3 Rh1 57. Kxb3 Rh4 58. Nb5 Ke7 59. Kc3 Kd7 60. Nd4 Rh3+ 61. Kc4 Rh4 62. Rg6 Kc7 63. Rf6 Rh5 64. Nb5+ Kd7 65. Nc3 Rh1 66. Ne2 Ke7 67. Ra6 Rh4+ 68. Nd4 Kd7 69. Rg6 Kc7 70. Rf6 Kd7 71. Kd5 Kc7 72. Nb5+ Kd7 73. Nd4 Rh1 74. Nb3 Rh5+ 75. Kc4 Kc7 76. Nd4 Rh1 77. Kd5 Rd1 78. Rf2 Kb6 1/2-1/2

[Event "SVK-chT1E 0001"]
[Site "Slovakia"]
[Date "2001.??.??"]
[Round "6"]
[White "Toczek, Grzegorz"]
[Black "Sztercsco, Sztyepan"]
[Result "1-0"]
[WhiteElo "2278"]
[BlackElo "2256"]
[PlyCount "67"]
[EventDate "2000.??.??"]
[EventType "team"]
[EventRounds "11"]
[EventCountry "SVK"]
[SourceTitle "EXT 2002"]
[Source "ChessBase"]
[SourceDate "2001.11.25"]
[SourceVersion "1"]
[SourceVersionDate "2001.11.25"]
[SourceQuality "1"]

1. e4 c5 2. Nf3 d6 3. d4 cxd4 4. Nxd4 Nf6 5. Nc3 a6 6. Bc4 e6 7. Bb3 Be7 8. g4 Nc6 9. g5 Nxd4 10. Qxd4 Nh5 11. Rg1 0-0 12. Be3 b5 13. 0-0-0 Qc7 14. f4 b4 15. Na4 Rb8 16. Qd3 g6 17. f5 exf5 18. exf5 Bxf5 19. Qxa6 Rfc8 20. Rd2 d5 21. Nb6 Bc5 22. Nxd5 Bxe3 23. Nxc7 Rxc7 24. Rgd1 Rd8 25. Qe2 Bxg5 26. Kb1 Bxd2 27. Rxd2 Rdc8 28. Rd4 Nf6 29. Qd2 Kg7 30. Rxb4 Ne4 31. Rxe4 Bxe4 32. Qd4+ f6 33. Qxe4 Rd7 34. a4 1-0

[Event "SVK-chT1E 0001"]
[Site "Slovakia"]
[Date "2000.??.??"]
[Round "2"]
[White "Kopnicky, Vladimir"]
[Black "Sztercsco, Sztyepan"]
[Result "1-0"]
[WhiteElo "2146"]
[BlackElo "2229"]
[PlyCount "145"]
[EventDate "2000.??.??"]
[EventType "team"]
[EventRounds "11"]
[EventCountry "SVK"]
[SourceTitle "EXT 2002"]
[Source "ChessBase"]
[SourceDate "2001.11.25"]
[SourceVersion "1"]
[SourceVersionDate "2001.11.25"]
[SourceQuality "1"]

1. d4 Nf6 2. Nf3 g6 3. Nc3 d5 4. g3 Bg7 5. Bg2 0-0 6. 0-0 c6 7. Re1 Bg4 8. Ne5 Bf5 9. h3 Ne4 10. Nxe4 Bxe4 11. f3 Bf5 12. g4 Bc8 13. f4 Nd7 14. Kh1 Nf6 15. Qd3 e6 16. Bd2 a5 17. Bf3 Ne8 18. Bg2 Nd6 19. g5 Qb6 20. b3 Nf5 21. c3 Qc7 22. Rac1 Qd6 23. Red1 b6 24. Be1 Ba6 25. Qf3 Bb7 26. e4 Ne7 27. Qe2 a4 28. b4 Qd8 29. Bg3 Qc8 30. Nd3 Ba6 31. Qf2 a3 32. Ne5 Bb7 33. Ng4 dxe4 34. Bxe4 c5 35. Qf3 Bxe4 36. Qxe4 Nf5 37. Bf2 c4 38. Kg2 Rd8 39. Ne3 Nxe3+ 40. Bxe3 Rd5 41. Rh1 Qc6 42. Kf3 Re8 43. Rcd1 Qd7 44. Ke2 Rd8 45. Qc2 Qc6 46. Rhf1 Rf5 47. Rf2 b5 48. Rdf1 h5 49. Bd2 Bf8 50. Ke1 Bxb4 51. cxb4 Rxd4 52. Bc3 Re4+ 53. Re2 Rfxf4 54. Rxe4 Rxe4+ 55. Kd1 Re3 56. Kc1 e5 57. Kb1 f5 58. gxf6 Kf7 59. Be1 Qd5 60. Rg1 Rd3 61. Bc3 e4 62. Rc1 Rxh3 63. Qf2 e3 64. Qe2 Qe4+ 65. Rc2 Rh1+ 66. Be1 Qd3 67. Kc1 c3 68. Qxd3 Rxe1+ 69. Qd1 Rxd1+ 70. Kxd1 Kxf6 71. Ke2 g5 72. Kxe3 g4 73. Kf4 1-0

[Event "SVK-chT2E 9900"]
[Site "Slovakia"]
[Date "2000.??.??"]
[Round "?"]
[White "Sztercsco, Sztyepan"]
[Black "Jacko, Vladimir"]
[Result "1-0"]
[WhiteElo "2227"]
[BlackElo "2261"]
[PlyCount "153"]
[EventDate "1999.??.??"]
[EventType "team"]
[EventRounds "9"]
[EventCountry "SVK"]
[SourceTitle "EXT 2001"]
[Source "ChessBase"]
[SourceDate "2000.11.22"]
[SourceVersion "1"]
[SourceVersionDate "2000.11.22"]
[SourceQuality "1"]

1. e4 c5 2. Nf3 Nc6 3. d4 cxd4 4. Nxd4 g6 5. c4 Bg7 6. Be3 Nf6 7. Nc3 d6 8. Be2 0-0 9. 0-0 Bd7 10. Nc2 Rc8 11. Qd2 Ne5 12. b3 Bc6 13. f3 a6 14. Nd4 Bd7 15. Rad1 Nc6 16. Nd5 Nxd5 17. exd5 Nxd4 18. Bxd4 Bxd4+ 19. Qxd4 Qa5 20. Bd3 Qc5 21. Qxc5 dxc5 22. f4 f5 23. Rde1 Kf7 24. Re5 Rfe8 25. Be2 b5 26. Re1 Rb8 27. g3 Rb6 28. b4 cxb4 29. c5 Rf6 30. Bd1 Kf8 31. h3 a5 32. g4 fxg4 33. Bxg4 Bxg4 34. hxg4 Rxf4 35. d6 Rxg4+ 36. Kh2 Rd4 37. Rf1+ Kg7 38. Rfe1 exd6 39. Rxe8 dxc5 40. R1e5 Rd2+ 41. Kg3 c4 42. Rxb5 Rxa2 43. Rc8 c3 44. Kf4 Rf2+ 45. Ke3 Ra2 46. Rcc5 Rb2 47. Rxa5 c2 48. Kf4 Kf7 49. Rc6 Kg7 50. Ra7+ Kh6 51. Rcc7 c1Q+ 52. Rxc1 Rf2+ 53. Kg3 Rf5 54. Rh1+ Kg5 55. Rhxh7 Rc5 56. Rhb7 Rc3+ 57. Kf2 b3 58. Ra5+ Kh6 59. Rab5 g5 60. Rxb3 Rc2+ 61. Kg3 Kh5 62. Rh7+ Kg6 63. Rh2 Rc6 64. Rb4 Rc1 65. Rb6+ Kf5 66. Rb5+ Ke4 67. Rxg5 Rg1+ 68. Rg2 Ra1 69. Re2+ Kd3 70. Kf2 Ra7 71. Rg3+ Kd4 72. Rg4+ Kc3 73. Re3+ Kc2 74. Rg2 Kd1 75. Rd3+ Kc1 76. Rf3 Ra8 77. Kg1 1-0